Normal view
MARC view
Entry Personal Name
001 - CONTROL NUMBER
- control field: 57332
003 - CONTROL NUMBER IDENTIFIER
- control field: dpl
005 - DATE AND TIME OF LATEST TRANSACTION
- control field: 20230922113859.0
008 - FIXED-LENGTH DATA ELEMENTS
- fixed length control field: 230922|| aca||aabn | a|a d
040 ## - CATALOGING SOURCE
- Original cataloging agency: dpl
- Transcribing agency: dpl
100 ## - HEADING--PERSONAL NAME
- Personal name: Mathur.S.B
670 ## - SOURCE DATA FOUND
- Source citation: Work cat.: (dpl)193370: Mathur.S.B., Medical Entrance Physics :, 2023
